000 00568nam a2200217Ia 4500
001 dia_2378
003 CHAP
005 20230509091615.0
008 220117s1977 xx 000 0 und d
010 _a172900
040 _cCHAP
082 _a658.3 P7
245 _aPrograma Internacional de Actualizacion en General
260 _aMéxico :
_b Mcgraw-Hill,
_c1977
300 _a4 v.
650 _a1.Administración
_9146957
901 _a658.3 P7
902 _aM
905 _a0000001977 MEXX 0000000000ESP00
942 _cLIBRO
_2ddc
999 _c172900
_d172900